| 000 | 00609nam a2200205 a 4500 | ||
|---|---|---|---|
| 005 | 20241130063757.0 | ||
| 008 | 021108s1994 mx r 000 0 spa d | ||
| 020 | _a9684097913 | ||
| 035 | _aUPN01000120890 | ||
| 049 | _aCG | ||
| 050 | 4 |
_aJL1298 C6 _bZ3.3 |
|
| 100 | 1 | _aZamora Villa, Guillermo | |
| 245 | 1 | 3 |
_aLa caída de la hoz y el martillo / _cGuillermo Zamora. |
| 260 |
_aMéxico : _bEDAMEX, _cc1994. |
||
| 300 | _a239 p. | ||
| 500 | _aHabla el Ex-CC del Partido Comunista Mexicano | ||
| 610 | 2 | 4 |
_aPARTIDO COMUNISTA MEXICANO _927258 |
| 650 | 2 |
_aPartidos políticos _zMéxico _99992 |
|
| 905 | _aLibro | ||
| 999 |
_c93210 _d93210 |
||